[Event "Montreal CC-ch"]
[Site "Montreal CAN"]
[Date "2013.06.16"]
[Round "4"]
[White "Tremblay, Alain"]
[Black "Nardone, Raul"]
[Result "1/2-1/2"]
[WhiteElo "2129"]
[BlackElo "1933"]
[PlyCount "95"]
[GameId "2160767909339363"]
[EventDate "2013.06.14"]
[EventType "swiss"]
[EventRounds "5"]
[EventCountry "CAN"]
[SourceTitle "EXT 2022"]
[Source "ChessBase"]
[SourceDate "2021.10.06"]
[SourceVersion "1"]
[SourceVersionDate "2021.10.06"]
[SourceQuality "1"]

1. c4 f5 2. Nf3 Nf6 3. e3 g6 4. b4 a5 5. b5 Bg7 6. Bb2 O-O 7. Be2 d6 8. Nc3 Kh8 9. Qc2 e5 10. d4 exd4 11. Nxd4 Re8 12. O-O Nbd7 13. Rac1 Nc5 14. Bf3 Nfe4 15. Nd5 h6 16. b6 cxb6 17. Nb5 Rg8 18. Rcd1 a4 19. a3 Bd7 20. Bxg7+ Rxg7 21. Qb2 g5 22. Bxe4 Nxe4 23. f3 Bxb5 24. Qxb5 Ra5 25. Qxb6 Qxb6 26. Nxb6 Nc5 27. Rxd6 Kh7 28. Nd5 Ra6 29. Nf6+ Kg6 30. Rfd1 Rxd6 31. Rxd6 Kf7 32. Nd5 Rg6 33. Rxg6 Kxg6 34. Kf2 Kf7 35. Ke2 Ke6 36. Kd2 Ke5 37. Nb6 h5 38. Kc3 f4 39. e4 g4 40. Nd5 g3 41. h3 h4 42. Kd2 Nb3+ 43. Kc3 Nd4 44. Nxf4 Nxf3 45. Ng6+ Kxe4 46. Kc2 Ne1+ 47. Kd2 Nxg2 48. c5 1/2-1/2

[Event "Montreal CC-ch"]
[Site "Montreal CAN"]
[Date "2013.06.16"]
[Round "5"]
[White "Abdelaal, Ibrahim"]
[Black "Lalonde, Paul"]
[Result "0-1"]
[WhiteElo "1328"]
[BlackElo "1873"]
[PlyCount "42"]
[GameId "2160767909339364"]
[EventDate "2013.06.14"]
[EventType "swiss"]
[EventRounds "5"]
[EventCountry "CAN"]
[SourceTitle "EXT 2022"]
[Source "ChessBase"]
[SourceDate "2021.10.06"]
[SourceVersion "1"]
[SourceVersionDate "2021.10.06"]
[SourceQuality "1"]

1. e4 e5 2. d4 exd4 3. c3 d5 4. exd5 Qxd5 5. Qxd4 Qxd4 6. cxd4 Nf6 7. Nc3 Bd6 8. Bg5 Nbd7 9. O-O-O O-O 10. Nb5 Ne4 11. Be3 f5 12. Nxd6 Nxd6 13. Nh3 Nf6 14. f3 Be6 15. a3 Rfe8 16. Bf4 Rad8 17. Bd3 Nh5 18. Bxd6 Rxd6 19. Rhe1 g6 20. Ng5 Bd7 21. Rxe8+ Bxe8 0-1

[Event "Montreal CC-ch"]
[Site "Montreal CAN"]
[Date "2013.06.16"]
[Round "5"]
[White "Barko, Maxim"]
[Black "Tremblay, Alain"]
[Result "1-0"]
[WhiteElo "1766"]
[BlackElo "2129"]
[PlyCount "113"]
[GameId "2160767909339365"]
[EventDate "2013.06.14"]
[EventType "swiss"]
[EventRounds "5"]
[EventCountry "CAN"]
[SourceTitle "EXT 2022"]
[Source "ChessBase"]
[SourceDate "2021.10.06"]
[SourceVersion "1"]
[SourceVersionDate "2021.10.06"]
[SourceQuality "1"]

1. d4 d6 2. Nf3 Nf6 3. Nc3 d5 4. Bf4 g6 5. e3 Bg7 6. Be2 O-O 7. h4 c5 8. Ne5 Nc6 9. h5 Qb6 10. Na4 Qa5+ 11. c3 cxd4 12. exd4 Ne4 13. Nxc6 bxc6 14. b4 Qd8 15. Qc1 e5 16. Bxe5 f6 17. Bf4 g5 18. h6 Bh8 19. f3 Nd6 20. Bxd6 Qxd6 21. O-O Bf5 22. Nc5 Rfe8 23. Re1 Kf7 24. g4 Qg3+ 25. Kh1 Qh3+ 26. Kg1 Qg3+ 27. Kh1 Rxe2 28. Rxe2 Qxf3+ 29. Rg2 Bxg4 30. Qf1 Qxf1+ 31. Rxf1 Bh3 32. Rgf2 Bxf1 33. Rxf1 Re8 34. a4 Kg6 35. Rf3 f5 36. Kg2 g4 37. Rf1 Bf6 38. Nd7 Kg5 39. Rc1 f4 40. Nxf6 Kxf6 41. c4 dxc4 42. Rxc4 Re6 43. d5 cxd5 44. Rxf4+ Kg5 45. Rf7 Kxh6 46. Rxa7 Re4 47. b5 Rb4 48. Rd7 Rxa4 49. Rxd5 Ra3 50. Rd4 Kg5 51. Rb4 h5 52. b6 Ra2+ 53. Kf1 Ra1+ 54. Kg2 Ra8 55. b7 Rb8 56. Kg3 h4+ 57. Kg2 1-0

[Event "Montreal CC-ch"]
[Site "Montreal CAN"]
[Date "2013.06.16"]
[Round "5"]
[White "Leung, Chin"]
[Black "Nunez, Omar"]
[Result "1/2-1/2"]
[WhiteElo "1854"]
[BlackElo "2018"]
[PlyCount "55"]
[GameId "2160767909339367"]
[EventDate "2013.06.14"]
[EventType "swiss"]
[EventRounds "5"]
[EventCountry "CAN"]
[SourceTitle "EXT 2022"]
[Source "ChessBase"]
[SourceDate "2021.10.06"]
[SourceVersion "1"]
[SourceVersionDate "2021.10.06"]
[SourceQuality "1"]

1. e4 d5 2. exd5 Qxd5 3. Nc3 Qa5 4. Nf3 Nf6 5. Bc4 Nc6 6. O-O Bg4 7. d4 O-O-O 8. Be3 e5 9. Ne2 exd4 10. Bd2 Bb4 11. Bxb4 Qxb4 12. Bxf7 Rhf8 13. Bb3 Bxf3 14. gxf3 d3 15. cxd3 Ne5 16. Ng3 Rxd3 17. Qc2 Nxf3+ 18. Kg2 Rfd8 19. Rac1 c6 20. Qe2 Kc7 21. Rc4 Qd6 22. Rc3 Nh4+ 23. Kg1 g6 24. Rxd3 Qxd3 25. Qe7+ Qd7 26. Qxf6 Qh3 27. Qe5+ Rd6 28. Qe4 1/2-1/2

[Event "Montreal CC-ch"]
[Site "Montreal CAN"]
[Date "2013.06.16"]
[Round "5"]
[White "Nardone, Raul"]
[Black "Saha, Ananda"]
[Result "1-0"]
[WhiteElo "1933"]
[BlackElo "1795"]
[PlyCount "90"]
[GameId "2160767909339368"]
[EventDate "2013.06.14"]
[EventType "swiss"]
[EventRounds "5"]
[EventCountry "CAN"]
[SourceTitle "EXT 2022"]
[Source "ChessBase"]
[SourceDate "2021.10.06"]
[SourceVersion "1"]
[SourceVersionDate "2021.10.06"]
[SourceQuality "1"]

1. d4 d5 2. Nf3 Nf6 3. Bg5 e6 4. Nbd2 Be7 5. e3 O-O 6. Bd3 h6 7. Bh4 Nbd7 8. Bxf6 Nxf6 9. Ne5 c5 10. c3 c4 11. Bc2 b5 12. O-O Bb7 13. f4 b4 14. Rf3 bxc3 15. bxc3 Qa5 16. g4 Ne4 17. Nxe4 dxe4 18. Rh3 f6 19. Ng6 Rf7 20. Rb1 Bc6 21. Rg3 Bd8 22. h4 Kh7 23. g5 Qf5 24. Ne5 fxe5 25. g6+ Kh8 26. gxf7 exf4 27. f8=Q+ Qxf8 28. exf4 Qxf4 29. Qg4 Qxg4 30. Rxg4 Ba5 31. Bxe4 Bxe4 32. Rxe4 Bxc3 33. Rc1 Bb2 34. Rxc4 Rd8 35. Kf1 Kg8 36. a4 Rd7 37. a5 Kf7 38. a6 g5 39. Rb4 Bc3 40. Rb7 Ke7 41. Rxd7+ Kxd7 42. Ke2 e5 43. hxg5 hxg5 44. Rxe5 g4 45. Kd3 Be1 1-0

[Event "Montreal Mercredi 08"]
[Site "Montreal CAN"]
[Date "2013.08.28"]
[Round "1"]
[White "Boudreau, Daniel"]
[Black "Valle-Romo, Ricardo"]
[Result "0-1"]
[WhiteElo "2031"]
[BlackElo "2025"]
[PlyCount "74"]
[GameId "2160767909229695"]
[EventDate "2013.08.28"]
[EventType "swiss"]
[EventRounds "5"]
[EventCountry "CAN"]

1. e4 b6 2. d4 Bb7 3. Bd3 e6 4. Nf3 Ne7 5. O-O Ng6 6. c4 a5 7. Nc3 Bb4 8. Bg5 f6 9. Be3 O-O 10. Qc2 e5 11. d5 Na6 12. a3 Be7 13. Rab1 Bc8 14. h3 Nc5 15. Rfe1 Kh8 16. Bf1 d6 17. b4 Nb7 18. Bd3 Bd7 19. Nh2 Qc8 20. g4 Nh4 21. f4 exf4 22. Bxf4 Ng6 23. Bg3 Ne5 24. Bxe5 fxe5 25. Rf1 Bg5 26. Qg2 axb4 27. axb4 Ra3 28. Qb2 Ra8 29. Rbe1 Bf4 30. Nd1 Qd8 31. Nf3 h5 32. Nf2 Qf6 33. Nh2 Qh4 34. Nh1 Qxh3 35. Bb1 hxg4 36. Qg2 Ra3 37. Re2 Bxh2+ 0-1

[Event "Montreal Mercredi 08"]
[Site "Montreal CAN"]
[Date "2013.08.28"]
[Round "1"]
[White "Cloutier, Mathieu"]
[Black "Nardone, Raul"]
[Result "1/2-1/2"]
[WhiteElo "2088"]
[BlackElo "1961"]
[PlyCount "132"]
[GameId "2160767909229697"]
[EventDate "2013.08.28"]
[EventType "swiss"]
[EventRounds "5"]
[EventCountry "CAN"]
[SourceTitle "EXT 2022"]
[Source "ChessBase"]
[SourceDate "2021.10.06"]
[SourceVersion "1"]
[SourceVersionDate "2021.10.06"]
[SourceQuality "1"]

1. e4 c5 2. Nf3 d6 3. d4 cxd4 4. Nxd4 Nf6 5. Nc3 e6 6. g4 h6 7. Rg1 Nc6 8. g5 hxg5 9. Bxg5 a6 10. h4 Qb6 11. Nb3 Qc7 12. f4 Qb6 13. Rg2 Qe3+ 14. Qe2 Qxe2+ 15. Rxe2 Nd7 16. f5 Nde5 17. O-O-O Be7 18. Bxe7 Kxe7 19. Rg2 g6 20. Rgd2 Rxh4 21. fxg6 Nxg6 22. Rxd6 Nge5 23. R6d2 Nf3 24. Rg2 Rh2 25. Rxh2 Nxh2 26. Be2 Ne5 27. Nd4 Nhg4 28. Rg1 Nf6 29. Nf3 Nxf3 30. Bxf3 e5 31. Rg5 Kd6 32. Nd1 Be6 33. Ne3 Rg8 34. Rxg8 Nxg8 35. Be2 Kc5 36. Kd2 Kd4 37. Bf3 Nf6 38. c3+ Kc5 39. b4+ Kc6 40. c4 Nd7 41. Nd5 Nb6 42. Kc3 Nc8 43. c5 Kd7 44. a4 Ne7 45. Nxe7 Kxe7 46. b5 axb5 47. axb5 Kd7 48. Kb4 Kc7 49. Be2 f5 50. exf5 Bxf5 51. Bc4 Bc2 52. b6+ Kb8 53. Bd5 e4 54. Kc3 Bb1 55. Kd4 Kc8 56. Bxe4 Ba2 57. Bf5+ Kb8 58. Ke5 Bb3 59. Kd6 Ba4 60. Bd7 Bd1 61. Be6 Ba4 62. Ke7 Bc6 63. Bd7 Bf3 64. Kd6 Bg2 65. Be6 Bc6 66. Bd5 Be8 1/2-1/2

[Event "Montreal Mercredi 08"]
[Site "Montreal CAN"]
[Date "2013.08.28"]
[Round "1"]
[White "Cote, Philippe"]
[Black "Struben, Jeroen"]
[Result "1-0"]
[WhiteElo "1753"]
[BlackElo "1630"]
[PlyCount "49"]
[GameId "2160767909229698"]
[EventDate "2013.08.28"]
[EventType "swiss"]
[EventRounds "5"]
[EventCountry "CAN"]
[SourceTitle "EXT 2022"]
[Source "ChessBase"]
[SourceDate "2021.10.06"]
[SourceVersion "1"]
[SourceVersionDate "2021.10.06"]
[SourceQuality "1"]

1. e4 d6 2. d4 Nf6 3. Nc3 g6 4. Bg5 Bg7 5. f4 O-O 6. Nf3 c5 7. d5 Qa5 8. Qd2 Qb4 9. Bd3 Qxb2 10. Rb1 Qa3 11. O-O c4 12. Bxf6 Qc5+ 13. Kh1 Bxf6 14. e5 cxd3 15. exf6 dxc2 16. fxe7 Re8 17. Rbe1 Bf5 18. Nd4 c1=Q 19. Rxc1 Rxe7 20. Nxf5 gxf5 21. Ne4 Qb5 22. Rc8+ Kg7 23. Qc3+ Re5 24. Ng3 Qxd5 25. fxe5 1-0

[Event "Montreal Mercredi 08"]
[Site "Montreal CAN"]
[Date "2013.08.28"]
[Round "1"]
[White "Dobrev, Martin"]
[Black "Heredia, Jose"]
[Result "1-0"]
[WhiteElo "1846"]
[BlackElo "1811"]
[PlyCount "126"]
[GameId "2160767909229699"]
[EventDate "2013.08.28"]
[EventType "swiss"]
[EventRounds "5"]
[EventCountry "CAN"]
[SourceTitle "EXT 2022"]
[Source "ChessBase"]
[SourceDate "2021.10.06"]
[SourceVersion "1"]
[SourceVersionDate "2021.10.06"]
[SourceQuality "1"]

1. c4 c6 2. e4 d5 3. exd5 cxd5 4. cxd5 Nf6 5. Nc3 Nxd5 6. Qb3 e6 7. Nf3 Qb6 8. Bb5+ Bd7 9. Nxd5 exd5 10. Bxd7+ Nxd7 11. Qxd5 Rd8 12. O-O Nc5 13. Qe5+ Ne6 14. Re1 Be7 15. Rb1 O-O 16. b3 Bf6 17. Qf5 Nd4 18. Nxd4 Bxd4 19. Ba3 g6 20. Qf4 Rfe8 21. Be7 Bxf2+ 22. Qxf2 Qxf2+ 23. Kxf2 Rxd2+ 24. Kf3 Rd3+ 25. Kf2 Rd2+ 26. Kg1 Rxa2 27. Bf6 Re6 28. Rxe6 fxe6 29. Ra1 Rxa1+ 30. Bxa1 Kf7 31. Be5 g5 32. g4 Ke7 33. Kf2 Kd7 34. Ke3 a5 35. Ke4 b5 36. Bf6 Kd6 37. Bxg5 e5 38. Bf6 Kc5 39. Be7+ Kc6 40. Kxe5 b4 41. h4 Kd7 42. Bxb4 axb4 43. Kd5 Ke7 44. Kc5 Ke6 45. Kxb4 Ke5 46. Kc4 Kf4 47. b4 Kxg4 48. b5 Kxh4 49. b6 Kg4 50. b7 h5 51. b8=Q h4 52. Qc8+ Kg3 53. Qg8+ Kf3 54. Qg1 h3 55. Kd3 Kf4 56. Ke2 Kf5 57. Qg3 h2 58. Qxh2 Ke4 59. Qh4+ Kd5 60. Ke3 Kc5 61. Qd4+ Kb5 62. Kd3 Kc6 63. Kc4 Kc7 1-0

[Event "Montreal Mercredi 08"]
[Site "Montreal CAN"]
[Date "2013.08.28"]
[Round "1"]
[White "Gauthier, Luc"]
[Black "Ostaci, Liviu"]
[Result "1-0"]
[WhiteElo "1749"]
[BlackElo "1681"]
[PlyCount "87"]
[GameId "2160767909229700"]
[EventDate "2013.08.28"]
[EventType "swiss"]
[EventRounds "5"]
[EventCountry "CAN"]
[SourceTitle "EXT 2022"]
[Source "ChessBase"]
[SourceDate "2021.10.06"]
[SourceVersion "1"]
[SourceVersionDate "2021.10.06"]
[SourceQuality "1"]

1. e4 c5 2. Nc3 Nc6 3. g3 g6 4. Bg2 Bg7 5. d3 e6 6. f4 Nge7 7. Nf3 O-O 8. O-O d6 9. Be3 Nd4 10. e5 Nxf3+ 11. Qxf3 dxe5 12. fxe5 Bxe5 13. Bxc5 Bd4+ 14. Bxd4 Qxd4+ 15. Kh1 f5 16. Rab1 Rb8 17. Qf4 Qxf4 18. Rxf4 g5 19. Rf2 Ng6 20. Nb5 a6 21. Nd6 Rd8 22. Nxc8 Rdxc8 23. c3 Nf8 24. Re1 Rd8 25. d4 Rd6 26. Rfe2 Rb6 27. d5 exd5 28. Bxd5+ Kh8 29. Re8 Rxe8 30. Rxe8 Kg7 31. Re7+ Kf6 32. Rxb7 Rxb7 33. Bxb7 a5 34. b4 axb4 35. cxb4 Ke5 36. b5 Kd6 37. Bc8 f4 38. gxf4 gxf4 39. Kg2 Kc5 40. a4 Kb6 41. Bf5 Ng6 42. Bxg6 hxg6 43. h4 Kc5 44. Kf3 1-0

[Event "Montreal Mercredi 08"]
[Site "Montreal CAN"]
[Date "2013.08.28"]
[Round "1"]
[White "Lamoureux, Yvon"]
[Black "Fortin-Lavoie, Patrice"]
[Result "1-0"]
[WhiteElo "1688"]
[BlackElo "1625"]
[PlyCount "57"]
[GameId "2160767909229701"]
[EventDate "2013.08.28"]
[EventType "swiss"]
[EventRounds "5"]
[EventCountry "CAN"]
[SourceTitle "EXT 2022"]
[Source "ChessBase"]
[SourceDate "2021.10.06"]
[SourceVersion "1"]
[SourceVersionDate "2021.10.06"]
[SourceQuality "1"]

1. e4 Nc6 2. Nf3 e5 3. Bb5 a6 4. Ba4 b5 5. Bb3 Be7 6. c3 Nf6 7. O-O O-O 8. Re1 Bc5 9. d4 exd4 10. cxd4 Bb4 11. Nc3 Bxc3 12. bxc3 d5 13. Bg5 dxe4 14. Rxe4 h6 15. Bxf6 Qxf6 16. Ne5 Ne7 17. Qh5 Be6 18. Rae1 Rad8 19. Ng4 Bxg4 20. Rxg4 c6 21. Re3 Nd5 22. Reg3 Nf4 23. Rxg7+ Qxg7 24. Rxg7+ Kxg7 25. Qe5+ f6 26. Qxf4 Rfe8 27. Kf1 Re7 28. Qg4+ Kf8 29. Qg8# 1-0

[Event "Montreal Mercredi 08"]
[Site "Montreal CAN"]
[Date "2013.08.28"]
[Round "1"]
[White "Leveille, Francois"]
[Black "Tremblay, Alain"]
[Result "1-0"]
[WhiteElo "2323"]
[BlackElo "2106"]
[PlyCount "41"]
[GameId "2160767909229702"]
[EventDate "2013.08.28"]
[EventType "swiss"]
[EventRounds "5"]
[EventCountry "CAN"]
[SourceTitle "EXT 2022"]
[Source "ChessBase"]
[SourceDate "2021.10.06"]
[SourceVersion "1"]
[SourceVersionDate "2021.10.06"]
[SourceQuality "1"]

1. e4 c5 2. Nf3 a6 3. d4 cxd4 4. c3 Nf6 5. e5 Nd5 6. Bc4 Nb6 7. Bb3 d5 8. exd6 e6 9. cxd4 Bxd6 10. Nc3 Nc6 11. O-O O-O 12. Re1 Nb4 13. a3 N4d5 14. Ne4 Bf4 15. Qd3 Bxc1 16. Raxc1 Nf4 17. Qd2 Nbd5 18. Ne5 Bd7 19. g3 Ng6 20. Nxd7 Qxd7 21. Nc5 1-0

[Event "Montreal Mercredi 08"]
[Site "Montreal CAN"]
[Date "2013.08.28"]
[Round "1"]
[White "Lopez Linares, Cesar"]
[Black "Saha, Ananda"]
[Result "1-0"]
[WhiteElo "1888"]
[BlackElo "1805"]
[PlyCount "49"]
[GameId "2160767909229703"]
[EventDate "2013.08.28"]
[EventType "swiss"]
[EventRounds "5"]
[EventCountry "CAN"]
[SourceTitle "EXT 2022"]
[Source "ChessBase"]
[SourceDate "2021.10.06"]
[SourceVersion "1"]
[SourceVersionDate "2021.10.06"]
[SourceQuality "1"]

1. d4 d5 2. c4 e6 3. Nf3 Nf6 4. Nc3 Be7 5. Bg5 O-O 6. e3 Nbd7 7. Rc1 b6 8. cxd5 exd5 9. Bb5 Bb7 10. O-O c6 11. Bd3 c5 12. dxc5 bxc5 13. Qe2 Ne4 14. Bxe7 Qxe7 15. Ba6 Nxc3 16. Rxc3 Bxa6 17. Qxa6 c4 18. b3 Qb4 19. Rfc1 Nc5 20. Qd6 Rfd8 21. Qe7 f6 22. a3 Qxa3 23. bxc4 Qa5 24. cxd5 Na4 25. Rc7 1-0

[Event "Montreal Mercredi 08"]
[Site "Montreal CAN"]
[Date "2013.08.28"]
[Round "1"]
[White "Lopez Linares, Lizandro"]
[Black "Weston, Paul"]
[Result "0-1"]
[WhiteElo "2059"]
[BlackElo "1984"]
[PlyCount "72"]
[GameId "2160767909229704"]
[EventDate "2013.08.28"]
[EventType "swiss"]
[EventRounds "5"]
[EventCountry "CAN"]
[SourceTitle "EXT 2022"]
[Source "ChessBase"]
[SourceDate "2021.10.06"]
[SourceVersion "1"]
[SourceVersionDate "2021.10.06"]
[SourceQuality "1"]

1. d4 d5 2. Nf3 Nf6 3. c4 e6 4. Nc3 Be7 5. Bg5 Nbd7 6. e3 O-O 7. Rc1 c6 8. Bd3 dxc4 9. Bxc4 Nd5 10. Bxe7 Qxe7 11. O-O Nxc3 12. Rxc3 e5 13. Bb3 e4 14. Nd2 Nf6 15. Rc5 Bg4 16. Qb1 Be2 17. Rfc1 Bd3 18. Bc2 Bxc2 19. Qxc2 Nd7 20. Rc3 Nf6 21. a3 Rfe8 22. b4 a6 23. Nc4 Nd5 24. Rb3 Kh8 25. Qb1 Qe6 26. Rb2 Ne7 27. Rbc2 Ng6 28. h3 f5 29. Nb6 Rad8 30. Qa2 Qf6 31. g3 Qg5 32. Kh2 f4 33. gxf4 Nxf4 34. Rg1 Qb5 35. Qf7 Ng6 36. Nc4 Re7 0-1

[Event "Montreal Mercredi 08"]
[Site "Montreal CAN"]
[Date "2013.08.28"]
[Round "1"]
[White "Rondon, Luciano"]
[Black "Khudaverdian, Berj"]
[Result "1-0"]
[WhiteElo "1888"]
[BlackElo "1770"]
[PlyCount "71"]
[GameId "2160767909229705"]
[EventDate "2013.08.28"]
[EventType "swiss"]
[EventRounds "5"]
[EventCountry "CAN"]
[SourceTitle "EXT 2022"]
[Source "ChessBase"]
[SourceDate "2021.10.06"]
[SourceVersion "1"]
[SourceVersionDate "2021.10.06"]
[SourceQuality "1"]

1. d4 d5 2. c4 Nf6 3. cxd5 Nxd5 4. e4 Nb6 5. Nf3 g6 6. Nc3 Bg7 7. Bf4 c6 8. h3 O-O 9. Be2 N8d7 10. O-O Nf6 11. Qc2 Nh5 12. Be3 h6 13. Rfd1 Nf6 14. d5 cxd5 15. e5 Bf5 16. Bd3 Bxd3 17. Rxd3 Nfd7 18. Nxd5 Nxd5 19. Rxd5 e6 20. Rd3 Qe7 21. Qc7 Rfd8 22. Rad1 Rac8 23. Qxb7 Rb8 24. Qxa7 Ra8 25. Qc7 Rac8 26. Qa5 Kh7 27. Qd2 Rc7 28. b4 Bf8 29. b5 Qe8 30. a4 Be7 31. b6 Rb7 32. a5 Qf8 33. a6 Rxb6 34. Bxb6 Nxb6 35. Rxd8 Qg7 36. a7 1-0

[Event "Montreal Mercredi 08"]
[Site "Montreal CAN"]
[Date "2013.09.09"]
[Round "1"]
[White "Levkovsky, Alexandre"]
[Black "Cardin, Guillaume"]
[Result "1-0"]
[WhiteElo "2267"]
[BlackElo "2102"]
[PlyCount "117"]
[GameId "2160767909229706"]
[EventDate "2013.08.28"]
[EventType "swiss"]
[EventRounds "5"]
[EventCountry "CAN"]
[SourceTitle "EXT 2022"]
[Source "ChessBase"]
[SourceDate "2021.10.06"]
[SourceVersion "1"]
[SourceVersionDate "2021.10.06"]
[SourceQuality "1"]

1. e4 d5 2. exd5 Qxd5 3. Nc3 Qd6 4. d4 Nf6 5. Nge2 c6 6. Bf4 Qb4 7. b3 Bf5 8. a3 Qa5 9. b4 Qd8 10. Ng3 Bg6 11. h4 h6 12. h5 Bh7 13. Be2 e6 14. Bf3 Nd5 15. Bd2 Qb6 16. Nce2 Nd7 17. c4 N5f6 18. O-O Be7 19. a4 O-O 20. a5 Qc7 21. a6 e5 22. dxe5 Nxe5 23. Qb3 b6 24. Bf4 Nxf3+ 25. Qxf3 Bd6 26. Bxh6 gxh6 27. Qxf6 Be5 28. Qxh6 Bxa1 29. Rxa1 Qe5 30. Ra3 f6 31. Re3 Qg5 32. Qxg5+ fxg5 33. Re5 Bd3 34. Rxg5+ Kh7 35. Nd4 Bxc4 36. Nxc6 Bxa6 37. Rd5 Rf7 38. Ne4 Rc7 39. Rd6 Bb5 40. Ng5+ Kh8 41. Ne5 Be8 42. Rf6 Kg7 43. Rf5 Rc1+ 44. Kh2 Bxh5 45. Ne6+ Kh6 46. g4 Be8 47. g5+ Kh7 48. Rf8 Bc6 49. g6+ Kh6 50. Ng4+ Kxg6 51. Ne5+ Kh7 52. Rf7+ Kh6 53. Rf6+ Kh5 54. Rf5+ Kh6 55. Rf6+ Kh5 56. Nxc6 Rxc6 57. Ng7+ Kg4 58. Rxc6 Rh8+ 59. Kg2 1-0

[Event "Montreal Mercredi 08"]
[Site "Montreal CAN"]
[Date "2013.09.04"]
[Round "2"]
[White "Cloutier, Mathieu"]
[Black "Lopez Linares, Lizandro"]
[Result "1-0"]
[WhiteElo "2088"]
[BlackElo "2059"]
[PlyCount "87"]
[GameId "2160767909229708"]
[EventDate "2013.08.28"]
[EventType "swiss"]
[EventRounds "5"]
[EventCountry "CAN"]
[SourceTitle "EXT 2022"]
[Source "ChessBase"]
[SourceDate "2021.10.06"]
[SourceVersion "1"]
[SourceVersionDate "2021.10.06"]
[SourceQuality "1"]

1. e4 e6 2. d4 d5 3. Nc3 Nf6 4. Bg5 Be7 5. e5 Nfd7 6. h4 c5 7. Bxe7 Qxe7 8. Nb5 O-O 9. Nc7 cxd4 10. Nxa8 Nxe5 11. Qxd4 Nbc6 12. Qd2 Qd6 13. h5 Bd7 14. Be2 f5 15. O-O-O Rxa8 16. Nh3 Rc8 17. Kb1 Be8 18. f4 Nd7 19. g4 fxg4 20. Bxg4 Nf6 21. Qe2 Bf7 22. Ng5 Re8 23. Nxf7 Kxf7 24. Rhf1 a6 25. Qg2 b5 26. f5 e5 27. Rg1 e4 28. Bf3 Qf8 29. Be2 Ne5 30. Qf2 Ned7 31. Qh4 h6 32. Qg3 Ne5 33. Rg2 Re7 34. Qa3 Ra7 35. Qc3 Qd6 36. Rdg1 Ne8 37. Qd4 Re7 38. Rd1 Nf6 39. c4 bxc4 40. Bxc4 Nxc4 41. Qxc4 Qe5 42. Qxa6 Qxf5 43. Rf1 Qxh5 44. Rxg7+ 1-0

[Event "Montreal Mercredi 08"]
[Site "Montreal CAN"]
[Date "2013.09.04"]
[Round "2"]
[White "Cote, Philippe"]
[Black "Gauthier, Luc"]
[Result "1/2-1/2"]
[WhiteElo "1753"]
[BlackElo "1749"]
[PlyCount "75"]
[GameId "2160767909229709"]
[EventDate "2013.08.28"]
[EventType "swiss"]
[EventRounds "5"]
[EventCountry "CAN"]
[SourceTitle "EXT 2022"]
[Source "ChessBase"]
[SourceDate "2021.10.06"]
[SourceVersion "1"]
[SourceVersionDate "2021.10.06"]
[SourceQuality "1"]

1. e4 Nf6 2. e5 Nd5 3. c4 Nb6 4. c5 Nd5 5. Nc3 e6 6. Qg4 h5 7. Qc4 Nxc3 8. dxc3 d6 9. cxd6 cxd6 10. exd6 Nc6 11. Nf3 Bxd6 12. Bd3 Qc7 13. O-O Ne5 14. Nxe5 Bxe5 15. Qh4 Bf6 16. Bg5 Qe7 17. Bb5+ Kf8 18. Bxf6 Qxf6 19. Qb4+ Qe7 20. Qe4 h4 21. Rad1 h3 22. g3 Rh5 23. Qe2 Qc5 24. Rd8+ Ke7 25. Re8+ Kf6 26. Bd3 Qc6 27. Be4 Qxe8 28. Qxh5 g6 29. Qh4+ Kg7 30. Rd1 Bd7 31. Bxg6 Kxg6 32. Qg4+ Kf6 33. Qh4+ Kg6 34. Qg4+ Kf6 35. Qd4+ Ke7 36. Qb4+ Kf6 37. Qf4+ Kg6 38. Qg4+ 1/2-1/2

[Event "Montreal Mercredi 08"]
[Site "Montreal CAN"]
[Date "2013.09.04"]
[Round "2"]
[White "Khudaverdian, Berj"]
[Black "Heredia, Jose"]
[Result "0-1"]
[WhiteElo "1770"]
[BlackElo "1811"]
[PlyCount "102"]
[GameId "2160767909229710"]
[EventDate "2013.08.28"]
[EventType "swiss"]
[EventRounds "5"]
[EventCountry "CAN"]
[SourceTitle "EXT 2022"]
[Source "ChessBase"]
[SourceDate "2021.10.06"]
[SourceVersion "1"]
[SourceVersionDate "2021.10.06"]
[SourceQuality "1"]

1. e4 c6 2. d3 d5 3. Nd2 e5 4. Ngf3 Bd6 5. g3 Nf6 6. Bg2 Bg4 7. O-O O-O 8. Re1 Re8 9. a4 a5 10. Nb3 d4 11. Bg5 Bb4 12. Rf1 h6 13. Bd2 Bxd2 14. Qxd2 b6 15. Nh4 c5 16. h3 Be6 17. Nf5 Bxb3 18. cxb3 Nc6 19. f4 Kh7 20. Rae1 Qc7 21. Rf2 Ne7 22. Rfe2 Rad8 23. g4 Nxf5 24. exf5 exf4 25. Rf1 Rxe2 26. Qxe2 Re8 27. Be4 Nxe4 28. dxe4 Qe5 29. Re1 g5 30. Qd3 Kg7 31. Kg2 Rh8 32. Qf3 d3 33. Qxd3 Qxb2+ 34. Re2 Qd4 35. Qxd4+ cxd4 36. Rd2 Rd8 37. e5 Rd5 38. Kf2 Rxe5 39. Rxd4 Re3 40. b4 Rxh3 41. bxa5 bxa5 42. Rd5 Rg3 43. Rxa5 Rxg4 44. Ra8 Rg3 45. a5 h5 46. a6 Ra3 47. a7 Kf6 48. Ke2 g4 49. Kd2 f3 50. Rh8 Rxa7 51. Rxh5 Re7 0-1

[Event "Montreal Mercredi 08"]
[Site "Montreal CAN"]
[Date "2013.09.04"]
[Round "2"]
[White "Nardone, Raul"]
[Black "Valle-Romo, Ricardo"]
[Result "0-1"]
[WhiteElo "1961"]
[BlackElo "2025"]
[PlyCount "60"]
[GameId "2160767909229711"]
[EventDate "2013.08.28"]
[EventType "swiss"]
[EventRounds "5"]
[EventCountry "CAN"]

1. d4 b6 2. e4 Bb7 3. Bd3 e6 4. Ne2 Ne7 5. O-O g6 6. Bg5 Bg7 7. Qd2 h6 8. Bh4 O-O 9. f4 f5 10. Nbc3 d5 11. exd5 exd5 12. Rae1 Qd7 13. Bb5 c6 14. Bxe7 Qxe7 15. Nc1 Qb4 16. Bd3 Qxd4+ 17. Kh1 Qf6 18. Re2 Nd7 19. Rfe1 Nc5 20. Re7 Rf7 21. R7e2 Kh7 22. Nd1 Rd8 23. c3 Ne4 24. Qc2 Qh4 25. Bxe4 fxe4 26. Nb3 Qxf4 27. Rf2 Qc7 28. Nd4 Rxf2 29. Nxf2 Qe7 30. Qe2 c5 0-1

[Event "Montreal Mercredi 08"]
[Site "Montreal CAN"]
[Date "2013.09.04"]
[Round "2"]
[White "Ostaci, Liviu"]
[Black "Lamoureux, Yvon"]
[Result "1/2-1/2"]
[WhiteElo "1681"]
[BlackElo "1688"]
[PlyCount "92"]
[GameId "2160767909229712"]
[EventDate "2013.08.28"]
[EventType "swiss"]
[EventRounds "5"]
[EventCountry "CAN"]
[SourceTitle "EXT 2022"]
[Source "ChessBase"]
[SourceDate "2021.10.06"]
[SourceVersion "1"]
[SourceVersionDate "2021.10.06"]
[SourceQuality "1"]

1. c4 Nf6 2. Nf3 g6 3. g3 Bg7 4. Bg2 O-O 5. O-O d6 6. Nc3 e5 7. d4 Nc6 8. d5 Ne7 9. e4 a6 10. Ne1 Nd7 11. Nd3 f5 12. f3 b6 13. Bg5 h6 14. Bxe7 Qxe7 15. Bh3 Qg5 16. Qc1 Qh5 17. Bg2 Nc5 18. Nxc5 bxc5 19. Qd1 Rb8 20. b3 Bd7 21. Rf2 Rf6 22. Qe2 Rbf8 23. Rff1 g5 24. h3 g4 25. fxg4 fxg4 26. h4 Qg6 27. Rxf6 Rxf6 28. Kh2 h5 29. Rf1 Bh6 30. Rxf6 Qxf6 31. Qf1 Kg7 32. Qxf6+ Kxf6 33. Kg1 Bd2 34. Nd1 Be1 35. Kh2 Ke7 36. Ne3 a5 37. a4 c6 38. Bf1 Bd2 39. Nc2 Be8 40. Bd3 Kd7 41. Kg2 Bg6 42. Kf2 cxd5 43. cxd5 Ke7 44. Na3 Be8 45. Nc4 Bb4 46. Ne3 Bg6 1/2-1/2